banner-ar

ESSAIS SUR HA GEOMORPHOBGIE DU HIBAN / (Record no. 19649)

MARC details
000 -الفاتح
حقل البيانات ثابتة الطول 00512nam a2200181Ia 4500
008 - عناصر البيانات ثابتة الطول - معلومات عامة
حقل البيانات ثابتة الطول 140319s9999 xx 000 0 eng d
040 ## - مصدر الفهرسة
وكالة الفهرسة الأصلية GCL /
وكالة النسخ GCL
082 04 - رقم تصنيف ديوى العشرى
رقم التصنيف 551.41
رقم المادة A E
100 1# - المدخل الرئيسى - إسم شخصى
الإسم الشخصى ABOU-EL-ENIN, HASSAN
245 10 - بيان العنوان
العنوان ESSAIS SUR HA GEOMORPHOBGIE DU HIBAN /
بيان المسئوليه,etc ABOU-EL-ENIN, HASSAN
260 ## - PUBLICATION, DISTRIBUTION, ETC. (IMPRINT)
تاريخ النشر أو التوزيع 1980
300 ## - الوصف المادى
التعداد 27 P
490 ## - بيان السلسلة
عنوان السلسلة BEIRUT ARAB UNIVERSITY
رقم المجلد/ التعيين التسلسلي 0
650 04 - المدخل الاضافى بالموضوع-مصطلح موضوعى
مصطلح موضوعي GEOMOPHOLOGY
650 04 - المدخل الاضافى بالموضوع-مصطلح موضوعى
مصطلح موضوعي LEBANON - MOUNTAINS
942 ## - عناصر المدخل الإضافي( كوها)
مصدر التصنيف او مخطط الترفيف Dewey Decimal Classification
Koha [default] item type كتاب
260 ## - PUBLICATION, DISTRIBUTION, ETC. (IMPRINT)
-- [S.N] :
-- UNIVERSITE ARABE DE BEYROUTH ،
Holdings
حالة التراجع حالة الفقد حالة تلف ليس للاعارة المكان المؤقت الموقع الحالى تاريخ الاكتساب اجمالي اﻻعارات رقم الطلب الباركود تاريخ اخر مشاهدة تاريخ تفعيل السعر نوع وعاء كوها
        مكتبة القاهرة الكبرى مكتبة القاهرة الكبرى 03/26/2014   551.41\A E 37340 03/26/2014 03/26/2014 كتاب

Powered By

EGPV